Instrumental optics /
Saved in:
| Main Author: | |
|---|---|
| Format: | Book |
| Language: | English French |
| Published: |
London :
Hilger & Watts,
c1961.
|
| Subjects: |
| LEADER | 00961nam a2200265 a 4500 | ||
|---|---|---|---|
| 001 | c000001068 | ||
| 003 | CARM | ||
| 005 | 00000000000000.0 | ||
| 008 | 790410s1961 enkaf 00110 eng d | ||
| 019 | 1 | |a 2549853 |5 LACONCORD2021 | |
| 035 | |a (OCoLC)7432184 |5 LACONCORD2021 | ||
| 040 | |d AMG | ||
| 041 | 0 | |a eng |h fre | |
| 100 | 1 | |a Boutry, G. A. |q (Georges Albert) | |
| 240 | 1 | 0 | |a Optique instrumentale. |l English |
| 245 | 1 | 0 | |a Instrumental optics / |c by G.A. Boutry ; translated by R. Auerbach. |
| 260 | |a London : |b Hilger & Watts, |c c1961. | ||
| 300 | |a xvi, 544 p., [3] leaves of plates (some fold.) : |b ill. ; |c 26 cm. | ||
| 500 | |a Includes index. | ||
| 650 | 0 | |a Optics. | |
| 650 | 0 | |a Optical instruments. | |
| 852 | 8 | |b CARM |h A2:AD36E0 |i C03383 |p 0133771 |f BK | |
| 082 | 0 | 4 | |a 535.33 |
| 999 | f | f | |i 90847663-8d20-5c12-af05-97dda37f4568 |s 54945265-8da5-587f-834b-0e08db124964 |
| 952 | f | f | |p Can circulate |a CAVAL |b CAVAL |c CAVAL |d CARM 1 Store |e C03383 |f A2:AD36E0 |h Other scheme |i book |m 0133771 |